Successful online learning : (Record no. 3274)

MARC details
000 -LEADER
fixed length control field 00771nam a22002297a 4500
003 - CONTROL NUMBER IDENTIFIER
control field OSt
005 - DATE AND TIME OF LATEST TRANSACTION
control field 20220107122721.0
008 - FIXED-LENGTH DATA ELEMENTS--GENERAL INFORMATION
fixed length control field 130821b xxu||||| |||| 00| 0 eng d
020 ## - INTERNATIONAL STANDARD BOOK NUMBER
International Standard Book Number 9780763776190
020 ## - INTERNATIONAL STANDARD BOOK NUMBER
International Standard Book Number 076377619X (pbk.)
040 ## - CATALOGING SOURCE
Transcribing agency IIITM-K
082 ## - DEWEY DECIMAL CLASSIFICATION NUMBER
Classification number 371.3344678 BRO/S
245 00 - TITLE STATEMENT
Title Successful online learning :
Remainder of title managing the online learning environment efficiently and effectively
Statement of responsibility, etc. edited by Theresa A. Middleton Brosche, Michelle Feavel
260 ## - PUBLICATION, DISTRIBUTION, ETC.
Place of publication, distribution, etc. USA,
Name of publisher, distributor, etc. Jones and Bartlett,
Date of publication, distribution, etc. 2011.
300 ## - PHYSICAL DESCRIPTION
Extent xiii, 205p.
650 #0 - SUBJECT ADDED ENTRY--TOPICAL TERM
Topical term or geographic name entry element DISTANCE EDUCATION
9 (RLIN) 2025
650 #0 - SUBJECT ADDED ENTRY--TOPICAL TERM
Topical term or geographic name entry element EDUCATIONAL TECHNOLOGY
9 (RLIN) 2026
650 #0 - SUBJECT ADDED ENTRY--TOPICAL TERM
Topical term or geographic name entry element WEB BASED INSTRUCTION
9 (RLIN) 2027
700 1# - ADDED ENTRY--PERSONAL NAME
Personal name Brosche, Theresa Ann Middleton
9 (RLIN) 2028
700 1# - ADDED ENTRY--PERSONAL NAME
Personal name Feavel, Michelle
9 (RLIN) 2029
942 ## - ADDED ENTRY ELEMENTS (KOHA)
Source of classification or shelving scheme Dewey Decimal Classification
Koha item type Books
Holdings
Withdrawn status Lost status Source of classification or shelving scheme Damaged status Not for loan Collection code Home library Current library Shelving location Date acquired Cost, normal purchase price Total Checkouts Full call number Barcode Date last seen Price effective from Koha item type
    Dewey Decimal Classification     E- Learnig Kerala University of Digital Sciences, Innovation and Technology Knowledge Centre Kerala University of Digital Sciences, Innovation and Technology Knowledge Centre Economics 21/08/2013 2687.00   371.3344678 BRO/S 2936 03/12/2020 21/08/2013 Books